Internet world's on Internet 94 : an international guide to electronic journals, newletters, texts, discussion lists, and other resources on the Internet
Αποθηκεύτηκε σε:
| Άλλοι συγγραφείς: | |
|---|---|
| Μορφή: | Βιβλίο |
| Γλώσσα: | English |
| Δημοσίευση: |
London :
Mecklermedia,
1994
|
| Θέματα: | |
| Ετικέτες: |
Προσθήκη ετικέτας
Δεν υπάρχουν, Καταχωρήστε ετικέτα πρώτοι!
|
MARC
| LEADER | 00000nam a2200000 i 4500 | ||
|---|---|---|---|
| 001 | 1/8274 | ||
| 008 | 960404s1994 eng d | ||
| 020 | |a 0-88736-929-4 | ||
| 035 | |l 10017033 | ||
| 040 | |a GR-MY-UA |b gre |e aacr | ||
| 041 | 0 | |a eng | |
| 082 | 0 | |a 025 | |
| 245 | 1 | 0 | |a Internet world's on Internet 94 : |b an international guide to electronic journals, newletters, texts, discussion lists, and other resources on the Internet / |c Edited by Tony Abbott ; With a preface by Daniel P. Dern |
| 260 | |a London : |b Mecklermedia, |c 1994 | ||
| 300 | |a 453 p. | ||
| 504 | |a Includes index | ||
| 650 | 0 | 0 | |a Internet addresses |x Directories. |
| 650 | 0 | 0 | |a Electronic journals |x Bibliography |x Periodicals. |
| 650 | 0 | 0 | |a Databases |x Directories. |
| 650 | 0 | 0 | |a Computer Communication Networks |x Directories. |
| 650 | 0 | 0 | |a Periodicals |x Bibliography. |
| 700 | 1 | |a Abbott, Tony. |4 edt | |
| 852 | |a INST |b LESVOS |e 19960404 |h 025 INT |p 005100009085 |q 005100009085 |t BK |y 0 | ||
| 909 | |a Λ |b 043489 | ||
| 950 | |a 023-1995-02-23 | ||